ARRUPE JESUIT UNIVERSITY

CORONAVIRUS -STOP THE SPREAD - CLEAN,DISINFECT,COVER

The United States and the Carbbean in the twentieth century; (Record no. 131490)

MARC details
000 -LEADER
fixed length control field 00658nam a22001697a 4500
008 - FIXED-LENGTH DATA ELEMENTS--GENERAL INFORMATION
fixed length control field 220520b |||||||| |||| 00| 0 eng d
020 ## - INTERNATIONAL STANDARD BOOK NUMBER
International Standard Book Number 0820311545.
050 ## - LIBRARY OF CONGRESS CALL NUMBER
Classification number F2178. U16 L38 1989
100 ## - MAIN ENTRY--PERSONAL NAME
Personal name Langley, D. Lester
9 (RLIN) 51749
245 ## - TITLE STATEMENT
Title The United States and the Carbbean in the twentieth century;
Statement of responsibility, etc Lester, D. Langley
260 ## - PUBLICATION, DISTRIBUTION, ETC. (IMPRINT)
Place of publication, distribution, etc London:
Name of publisher, distributor, etc The University of Georgia Press;
Date of publication, distribution, etc 1980.
300 ## - PHYSICAL DESCRIPTION
Extent xi,341p,;
Dimensions 23cm.
650 ## - SUBJECT ADDED ENTRY--TOPICAL TERM
Topical term or geographic name as entry element Caribbean area;
General subdivision foreign relations
Geographic subdivision United States
9 (RLIN) 51750
650 ## - SUBJECT ADDED ENTRY--TOPICAL TERM
Topical term or geographic name as entry element United States
General subdivision foreign relations
Geographic subdivision Caribbean area
9 (RLIN) 51751
650 ## - SUBJECT ADDED ENTRY--TOPICAL TERM
Topical term or geographic name as entry element United States
General subdivision foreign relations
Chronological subdivision 20th century
9 (RLIN) 51752
942 ## - ADDED ENTRY ELEMENTS (KOHA)
Source of classification or shelving scheme Library of Congress Classification
Item type Monograph ( Printed materials)
Holdings
Withdrawn status Lost status Source of classification or shelving scheme Damaged status Not for loan Collection code Home library Current library Date acquired Total Checkouts Full call number Barcode Date last seen Price effective from Koha item type
    Library of Congress Classification     Main Collection ARRUPE LIBRARY ARRUPE LIBRARY 20/05/2022   F2178. U16 L38 1989 46600009246 20/05/2022 20/05/2022 Monograph ( Printed materials)

 

Arrupe Library. PO Box MP320 Mt Pleasant, Harare, Zimbabwe
263 242 745411|librarian@aju.ac.zw